[Event "XXVIII Festival Conca della Presolana 1N"]
[Site "Bratto - Castione della Presolana ITA"]
[Date "2008.08.26"]
[Round "4"]
[White "Autino, Massimiliano"]
[Black "Scarpellini, Felice"]
[Result "1-0"]
[WhiteElo "1809"]
[BlackElo "1857"]
[PlyCount "119"]
[EventDate "2008.08.23"]

1. d4 Nf6 2. Bg5 d5 3. Bxf6 exf6 4. e3 g6 5. g3 Bg7 6. Bg2 O-O 7. Ne2 c6 8. Nd2
f5 9. c4 Be6 10. Qb3 Qd7 11. cxd5 Bxd5 12. Bxd5 Qxd5 13. Qxd5 cxd5 14. Rc1 Na6
15. a3 Rac8 16. O-O Rc7 17. Rxc7 Nxc7 18. Rc1 Ne6 19. Nb3 b6 20. Rc6 Rd8 21.
Nc3 g5 22. f4 gxf4 23. gxf4 Bf6 24. Nb5 Rd7 25. Rd6 Rxd6 26. Nxd6 Bd8 27. Nxf5
Kf8 28. Kf2 Ke8 29. Nd6+ Ke7 30. Nc8+ Kd7 31. Nxa7 Nc7 32. a4 Na6 33. Nc1 Nb4
34. Ke2 Bh4 35. Nd3 Na6 36. Ne5+ Ke6 37. Nb5 Be7 38. Nc3 Nb4 39. Nd3 Nc6 40.
f5+ Kd6 41. Nb5+ Kd7 42. Ne5+ Nxe5 43. dxe5 Bc5 44. Kd3 h5 45. e4 h4 46. h3
dxe4+ 47. Kxe4 Kc6 48. Nd4+ Kd7 49. Kd5 Ke8 50. Nf3 Bf2 51. b4 Kd7 52. a5 bxa5
53. bxa5 Kc8 54. e6 fxe6+ 55. Kxe6 Kb7 56. f6 Ka6 57. f7 Bc5 58. Nxh4 Kxa5 59.
Nf5 Kb5 60. Nd6+ 1-0

[Event "XXVIII Festival Conca della Presolana 1N"]
[Site "Bratto - Castione della Presolana ITA"]
[Date "2008.08.26"]
[Round "4"]
[White "Calcagno, Stefano"]
[Black "Rota, Simone"]
[Result "1-0"]
[WhiteElo "1861"]
[BlackElo "1834"]
[PlyCount "53"]
[EventDate "2008.08.23"]

1. b3 e5 2. Bb2 d6 3. e3 Nf6 4. c4 Be7 5. Nf3 Bg4 6. Be2 O-O 7. Nc3 c5 8. h3
Bh5 9. a3 Nc6 10. Nh4 Bxe2 11. Nxe2 Qd7 12. Qc2 g6 13. Nf3 Nh5 14. d4 cxd4 15.
exd4 f6 16. O-O Rac8 17. Rad1 Qc7 18. Nc3 Na5 19. Nd5 Qd7 20. dxe5 fxe5 21.
Nxe5 dxe5 22. Nf6+ Nxf6 23. Rxd7 Nxd7 24. Qd2 Nc5 25. Qxa5 Nxb3 26. Qxe5 Bf6
27. Qe6+ 1-0

[Event "XXVIII Festival Conca della Presolana 1N"]
[Site "Bratto - Castione della Presolana ITA"]
[Date "2008.08.26"]
[Round "4"]
[White "Cambieri, Mario"]
[Black "Romano, Zeno"]
[Result "1-0"]
[WhiteElo "1879"]
[BlackElo "1948"]
[PlyCount "119"]
[EventDate "2008.08.23"]

1. c4 e5 2. Nc3 Nf6 3. g3 Be7 4. Bg2 c6 5. Nf3 d6 6. d3 O-O 7. O-O Nbd7 8. b4
d5 9. b5 d4 10. bxc6 bxc6 11. Nb1 Qc7 12. Nbd2 Rb8 13. Nb3 Bb7 14. e3 c5 15.
exd4 exd4 16. Re1 Bd6 17. Ng5 Bxg2 18. Kxg2 h6 19. Ne4 Nxe4 20. Rxe4 f5 21. Re6
Ne5 22. f4 Qc6+ 23. Kf2 Ng4+ 24. Kg1 Rfe8 25. Rxe8+ Rxe8 26. Qf1 Re6 27. Bd2
Qe8 28. Re1 Kf7 29. Rxe6 Qxe6 30. Qf3 Kf6 31. h3 Ne3 32. Bxe3 Qxe3+ 33. Qxe3
dxe3 34. Nc1 g5 35. Ne2 g4 36. hxg4 fxg4 37. Nc3 Kf5 38. Nd5 h5 39. Nxe3+ Kf6
40. Kf2 Ke6 41. Nd5 Kf5 42. Ke3 a6 43. Nc3 h4 44. Ne4 Bc7 45. gxh4 Bxf4+ 46.
Ke2 Be5 47. Nxc5 Kf4 48. Ne4 g3 49. Ng5 Kg4 50. Nf3 Bb8 51. d4 g2 52. Kf2 g1=Q+
53. Nxg1 Kxh4 54. Ke3 Kg5 55. Ke4 Kf6 56. Kd5 Ke7 57. Kc6 Bf4 58. Nf3 Be3 59.
d5 Kd8 60. c5 1-0

[Event "XXVIII Festival Conca della Presolana 1N"]
[Site "Bratto - Castione della Presolana ITA"]
[Date "2008.08.26"]
[Round "4"]
[White "Caputi, Giuliano"]
[Black "Regorda, Vittorio"]
[Result "1-0"]
[WhiteElo "1978"]
[BlackElo "1859"]
[PlyCount "65"]
[EventDate "2008.08.23"]

1. e4 c6 2. d4 d5 3. Nc3 dxe4 4. Nxe4 h6 5. Bc4 Bf5 6. Ng3 Bg6 7. N1e2 e6 8.
Nf4 Bh7 9. Qe2 g5 10. Nfh5 Nd7 11. Bd2 Qe7 12. O-O-O O-O-O 13. Rhe1 Ngf6 14. a3
Bg6 15. Bb4 Qe8 16. Ba5 Nxh5 17. Nxh5 Bxh5 18. Qxh5 Nf6 19. Qf3 b6 20. Ba6+ Kd7
21. d5 Kc7 22. Qxf6 Be7 23. Qc3 bxa5 24. Qxa5+ Kb8 25. Rd3 Rxd5 26. Rb3+ Rb5
27. Bxb5 cxb5 28. Rxb5+ Ka8 29. Re4 Qd7 30. Rb3 Rc8 31. Qb5 Qc7 32. Rc4 Qb8 33.
Qa6 1-0

[Event "XXVIII Festival Conca della Presolana 1N"]
[Site "Bratto - Castione della Presolana ITA"]
[Date "2008.08.26"]
[Round "4"]
[White "Carbone, Lorenzo"]
[Black "Franzini, Stefano"]
[Result "1-0"]
[WhiteElo "1767"]
[BlackElo "1860"]
[PlyCount "37"]
[EventDate "2008.08.23"]

1. e4 c5 2. Nf3 Nc6 3. d4 cxd4 4. Nxd4 e5 5. Nb3 Nf6 6. Nc3 Bb4 7. Bd3 h6 8.
Bd2 O-O 9. O-O d5 10. exd5 Nxd5 11. a3 Nxc3 12. bxc3 Be7 13. Qh5 Bf6 14. Rad1
Qe7 15. a4 Be6 16. Be3 Qc7 17. Bxh6 Rfd8 18. Bg5 Qe7 19. Qh7+ 1-0

[Event "XXVIII Festival Conca della Presolana 1N"]
[Site "Bratto - Castione della Presolana ITA"]
[Date "2008.08.26"]
[Round "4"]
[White "Cocuzzi, Edoardo"]
[Black "Rossini, Luca"]
[Result "1-0"]
[WhiteElo "1892"]
[BlackElo "1785"]
[PlyCount "47"]
[EventDate "2008.08.23"]

1. e4 c5 2. Bc4 d6 3. Nc3 Nf6 4. d3 g6 5. Bd2 Bg7 6. Qc1 O-O 7. Bh6 Nc6 8. a4
Bd7 9. Nge2 a6 10. O-O Qc7 11. h3 Rfe8 12. Bxg7 Kxg7 13. f4 e5 14. f5 Nd4 15.
Ng3 b5 16. fxg6 fxg6 17. Bf7 Rf8 18. Rxf6 Rxf7 19. Nd5 Qc6 20. Nh5+ Kg8 21. Qh6
Raf8 22. Ne7+ Kh8 23. Qxf8+ Rxf8 24. Rxf8# 1-0

[Event "XXVIII Festival Conca della Presolana 1N"]
[Site "Bratto - Castione della Presolana ITA"]
[Date "2008.08.26"]
[Round "4"]
[White "Conta, Diego"]
[Black "Paganini, Andrea"]
[Result "0-1"]
[WhiteElo "1825"]
[BlackElo "1840"]
[PlyCount "28"]
[EventDate "2008.08.23"]

1. d4 d5 2. c4 e5 3. dxe5 d4 4. Nf3 Nc6 5. a3 Nge7 6. e3 Bg4 7. exd4 Bxf3 8.
Qxf3 Nxd4 9. Qd3 Ng6 10. Be3 Bc5 11. Nd2 Nxe5 12. Qe4 O-O 13. O-O-O Re8 14. Bd3
f5 0-1

[Event "XXVIII Festival Conca della Presolana 1N"]
[Site "Bratto - Castione della Presolana ITA"]
[Date "2008.08.26"]
[Round "4"]
[White "Crippa, Mario"]
[Black "Bonoldi, Fabio"]
[Result "1-0"]
[WhiteElo "1833"]
[BlackElo "1902"]
[PlyCount "119"]
[EventDate "2008.08.23"]

1. e4 g6 2. d4 Bg7 3. f4 c6 4. Nf3 d5 5. e5 h5 6. c4 Bg4 7. Be3 e6 8. Nbd2 Ne7
9. Qb3 Qd7 10. Bd3 Bf5 11. cxd5 cxd5 12. h3 Bxd3 13. Qxd3 Nbc6 14. a3 Nf5 15.
Kf2 Rc8 16. g4 Nxe3 17. Kxe3 Na5 18. Rac1 Rxc1 19. Rxc1 hxg4 20. hxg4 Bf8 21.
b4 Nc6 22. Qc2 a6 23. Kf2 Be7 24. Nb3 Qd8 25. Kg2 Kd7 26. Nc5+ Bxc5 27. Qxc5
Qe7 28. Qc3 Qf8 29. Qc5 Qe7 30. Kg3 Qxc5 31. bxc5 Rb8 32. Rb1 Nd8 33. a4 Rc8
34. Nh4 Ke7 35. f5 gxf5 36. gxf5 Rc7 37. f6+ Ke8 38. Nf3 Nc6 39. Rh1 Rc8 40.
Rh7 Rc7 41. Kf4 a5 42. Ke3 b6 43. cxb6 Rb7 44. Ng5 Nd8 45. Rh8+ Kd7 46. Rf8
Rxb6 47. Nxf7 Rb3+ 48. Kd2 Nc6 49. Nd6 Rf3 50. Rf7+ Kd8 51. Rb7 Rf4 52. f7 Rf3
53. Nb5 Rf4 54. Ke3 Rf1 55. Nd6 Nxe5 56. dxe5 d4+ 57. Kxd4 Rd1+ 58. Kc4 Rc1+
59. Kb5 Rc5+ 60. Ka6 1-0

[Event "XXVIII Festival Conca della Presolana 1N"]
[Site "Bratto - Castione della Presolana ITA"]
[Date "2008.08.26"]
[Round "4"]
[White "Fiorili, Roberto"]
[Black "Gambarino, Federico"]
[Result "1-0"]
[WhiteElo "1918"]
[BlackElo "1847"]
[PlyCount "47"]
[EventDate "2008.08.23"]

1. d4 Nf6 2. Nf3 g6 3. g3 Bg7 4. Bg2 O-O 5. c4 d6 6. Nc3 Nc6 7. d5 Na5 8. Nd2
a6 9. b4 Nxd5 10. Nxd5 Bxa1 11. bxa5 c6 12. Nb6 Rb8 13. Qb3 Be6 14. Bb2 Bxb2
15. Qxb2 d5 16. c5 Bg4 17. Qd4 h5 18. h3 e5 19. Qe3 d4 20. Qh6 Bxe2 21. Ne4 f6
22. Qxg6+ Kh8 23. Nd6 Qe7 24. Kxe2 1-0

[Event "XXVIII Festival Conca della Presolana 1N"]
[Site "Bratto - Castione della Presolana ITA"]
[Date "2008.08.26"]
[Round "4"]
[White "Guzzetti, Luigi Enrico"]
[Black "Maccarini, Luca Nicola"]
[Result "1/2-1/2"]
[WhiteElo "1739"]
[BlackElo "1920"]
[PlyCount "78"]
[EventDate "2008.08.23"]

1. e4 e5 2. Nf3 Nf6 3. Nxe5 d6 4. Nf3 Nxe4 5. Nc3 Nxc3 6. dxc3 Be7 7. Bc4 O-O
8. Be3 Nc6 9. a3 Ne5 10. Nxe5 dxe5 11. Qh5 g6 12. Qxe5 Bf6 13. Qf4 Qe7 14. O-O
Be5 15. Qg5 Bf6 16. Qc5 Qxc5 17. Bxc5 Re8 18. Rfe1 Bg4 19. h3 Bf5 20. Bd3 Be6
21. Re2 Rad8 22. Rae1 b6 23. Be3 c5 24. Bh6 Bd7 25. Rxe8+ Rxe8 26. Rxe8+ Bxe8
27. Bf4 Bd8 28. b4 Bc6 29. b5 Bd5 30. c4 Be6 31. Bb8 Kf8 32. Kf1 Ke7 33. Ke2
Kd7 34. Ke3 Bc7 35. Bxc7 Kxc7 36. g4 h6 37. f4 g5 38. f5 Bc8 39. Ke4 Kd6
1/2-1/2

[Event "XXVIII Festival Conca della Presolana 1N"]
[Site "Bratto - Castione della Presolana ITA"]
[Date "2008.08.26"]
[Round "4"]
[White "Jones, Alessandro"]
[Black "Fasiello, Andrea"]
[Result "1-0"]
[WhiteElo "1968"]
[BlackElo "1879"]
[PlyCount "111"]
[EventDate "2008.08.23"]

1. d4 d5 2. Nf3 Nf6 3. e3 e6 4. Bd3 Bd6 5. Nbd2 Nbd7 6. Qe2 O-O 7. e4 dxe4 8.
Nxe4 Nxe4 9. Qxe4 Nf6 10. Qh4 g6 11. Bh6 Re8 12. O-O-O Nh5 13. Bg5 Be7 14. g4
Bxg5+ 15. Nxg5 Nf6 16. Kb1 Kg7 17. f4 h6 18. Nf3 Nd5 19. Qg3 Qf6 20. Rdf1 Nxf4
21. Ne5 g5 22. h4 Rh8 23. hxg5 hxg5 24. Rxh8 Kxh8 25. Rh1+ Kg8 26. Rh7 b6 27.
Rxf7 Qxf7 28. Nxf7 Kxf7 29. Qh2 Nxd3 30. Qxc7+ Kg6 31. cxd3 Ba6 32. b3 Bxd3+
33. Kb2 Be4 34. Qe5 Bd5 35. Qh2 Rg8 36. Qh5+ Kf6 37. Qh6+ Kf7 38. Qh7+ Rg7 39.
Qh5+ Kf6 40. Qh6+ Kf7 41. Kc3 Rg8 42. Kb4 a6 43. Qh2 b5 44. Ka5 Ra8 45. Qh5+
Ke7 46. Qxg5+ Kd6 47. Qe5+ Kd7 48. g5 Rg8 49. Qf6 Kc6 50. g6 Rb8 51. g7 b4 52.
Qf8 Rb5+ 53. Ka4 Kb6 54. Qd8+ Ka7 55. g8=Q Bc6 56. Qc7+ 1-0

[Event "XXVIII Festival Conca della Presolana 1N"]
[Site "Bratto - Castione della Presolana ITA"]
[Date "2008.08.26"]
[Round "4"]
[White "Lanni, Vincenzo"]
[Black "Nardone, Massimo"]
[Result "0-1"]
[WhiteElo "1849"]
[BlackElo "1884"]
[PlyCount "50"]
[EventDate "2008.08.23"]

1. d4 d5 2. g3 Nf6 3. Bg2 c6 4. Nf3 Bg4 5. O-O e6 6. c3 Bd6 7. Nbd2 Nbd7 8. Ne1
Qc7 9. f3 Bh5 10. Qc2 Bg6 11. e4 dxe4 12. fxe4 e5 13. Nc4 exd4 14. cxd4 O-O 15.
Qe2 Nxe4 16. Bxe4 Rae8 17. Nd2 f5 18. Qc4+ Bf7 19. Qc2 fxe4 20. Nxe4 Bg6 21.
Qc4+ Kh8 22. Nxd6 Rxf1+ 23. Kxf1 Qxd6 24. Bf4 Qe7 25. Nf3 Nb6 0-1

[Event "XXVIII Festival Conca della Presolana 1N"]
[Site "Bratto - Castione della Presolana ITA"]
[Date "2008.08.26"]
[Round "4"]
[White "Mandolini, Riccardo"]
[Black "De Bortoli, Thomas"]
[Result "1-0"]
[WhiteElo "1946"]
[BlackElo "1805"]
[PlyCount "67"]
[EventDate "2008.08.23"]

1. Nc3 c5 2. e4 d6 3. f4 Nc6 4. Nf3 e6 5. Bb5 Nge7 6. d4 cxd4 7. Nxd4 Bd7 8.
Be3 a6 9. Bd3 Nxd4 10. Bxd4 Nc6 11. Be3 b5 12. O-O Be7 13. e5 d5 14. Ne2 f5 15.
exf6 Bxf6 16. c3 O-O 17. Bc2 Be8 18. Qd2 Bf7 19. g4 h6 20. g5 hxg5 21. fxg5 Be7
22. g6 Be8 23. Nf4 Rf6 24. Qe2 Rxf4 25. Rxf4 Bd6 26. Rf2 Qh4 27. Raf1 Ne5 28.
Bf4 Bc5 29. Bxe5 Qg5+ 30. Kh1 Bxf2 31. Qxf2 Qe7 32. Qg3 Bc6 33. Bd4 Rf8 34. Re1
1-0

[Event "XXVIII Festival Conca della Presolana 1N"]
[Site "Bratto - Castione della Presolana ITA"]
[Date "2008.08.26"]
[Round "4"]
[White "Melone, Antonio"]
[Black "Morandi, Daniele"]
[Result "1-0"]
[WhiteElo "1718"]
[BlackElo "1988"]
[PlyCount "65"]
[EventDate "2008.08.23"]

1. d4 Nf6 2. c4 g6 3. Nc3 Bg7 4. e4 d6 5. f3 O-O 6. Be3 e5 7. Nge2 Nc6 8. d5
Ne7 9. Qd2 Nh5 10. O-O-O f5 11. Kb1 f4 12. Bf2 a6 13. Nc1 Bd7 14. b4 Nc8 15.
Nb3 Kh8 16. c5 Bf6 17. Bd3 Be7 18. Rc1 c6 19. Rhd1 cxd5 20. Nxd5 Bc6 21. Bc4
dxc5 22. Nxc5 Ng7 23. Qb2 Bd6 24. Nd3 Qg5 25. Bc5 a5 26. Bxd6 Nxd6 27. Nxe5
Nxc4 28. Rxc4 axb4 29. Nc7 Rad8 30. Rxd8 Rxd8 31. Nf7+ Kg8 32. Nxg5 Rd1+ 33.
Rc1 1-0

[Event "XXVIII Festival Conca della Presolana 1N"]
[Site "Bratto - Castione della Presolana ITA"]
[Date "2008.08.26"]
[Round "4"]
[White "Nepi, Ezio"]
[Black "Raselli, Claudio"]
[Result "0-1"]
[WhiteElo "1833"]
[BlackElo "1962"]
[PlyCount "57"]
[EventDate "2008.08.23"]

1. d4 e6 2. g3 f5 3. Bg2 Nf6 4. Nh3 Be7 5. O-O O-O 6. c4 d5 7. b3 c6 8. Bb2
Nbd7 9. Nf4 Nb8 10. Qc2 Bd6 11. Nd3 Bd7 12. Nd2 Be8 13. Nc5 Qe7 14. cxd5 exd5
15. Qxf5 Ne4 16. Bxe4 Rxf5 17. Bxf5 b6 18. Nd3 Bd7 19. e4 Bxf5 20. exf5 Qe2 21.
Rfe1 Qxd3 22. Re8+ Kf7 23. Rae1 Qxd2 24. Bc1 Qxd4 25. Bg5 h6 26. Bh4 Bc5 27.
R1e2 Nd7 28. R8e6 Nf6 29. Rxc6 0-1

[Event "XXVIII Festival Conca della Presolana 1N"]
[Site "Bratto - Castione della Presolana ITA"]
[Date "2008.08.26"]
[Round "4"]
[White "Pitrola, Carlo"]
[Black "Oteri, Aldo"]
[Result "1-0"]
[WhiteElo "1837"]
[BlackElo "1844"]
[PlyCount "55"]
[EventDate "2008.08.23"]

1. d4 Nf6 2. c4 e6 3. Nc3 d5 4. Nf3 Be7 5. Bg5 Nbd7 6. e3 O-O 7. Rc1 c6 8. Bd3
dxc4 9. Bxc4 b5 10. Bd3 a6 11. O-O Bb7 12. e4 h6 13. Bh4 Rc8 14. b4 Bxb4 15. e5
Bxc3 16. Rxc3 Qa5 17. exf6 Qxc3 18. fxg7 Kxg7 19. Qe2 Rg8 20. Ne5 Qxd4 21. Nxd7
Qxd7 22. Qe5+ Kf8 23. Bh7 Rg7 24. Qc5+ Ke8 25. Bc2 f5 26. Rd1 Qf7 27. Qd6 c5
28. Qd8+ 1-0

[Event "XXVIII Festival Conca della Presolana 1N"]
[Site "Bratto - Castione della Presolana ITA"]
[Date "2008.08.26"]
[Round "4"]
[White "Pulvirenti, Gianni"]
[Black "Favoni, Matteo"]
[Result "1/2-1/2"]
[WhiteElo "1952"]
[BlackElo "1941"]
[PlyCount "68"]
[EventDate "2008.08.23"]

1. d4 Nf6 2. Nf3 g6 3. Bf4 Bg7 4. e3 O-O 5. Bc4 d5 6. Bb3 Nbd7 7. O-O c6 8.
Nbd2 b6 9. h3 Bb7 10. Ne5 Re8 11. Ndf3 Nxe5 12. Bxe5 Bf8 13. Re1 Nd7 14. Bg3
Nf6 15. Ne5 Ne4 16. Bh2 Bg7 17. f3 Nd6 18. Qe2 f6 19. Nd3 Nf7 20. Rad1 e6 21.
Qf2 Qd7 22. e4 Rad8 23. e5 f5 24. g4 fxg4 25. hxg4 Rf8 26. Bf4 Qe7 27. Qg3 Bh6
28. Kg2 Bxf4 29. Nxf4 Ng5 30. Rf1 Ba6 31. Rf2 Qf7 32. Nh3 Nxh3 33. Qxh3 Qf4 34.
Qg3 Bc4 1/2-1/2

[Event "XXVIII Festival Conca della Presolana 1N"]
[Site "Bratto - Castione della Presolana ITA"]
[Date "2008.08.26"]
[Round "4"]
[White "Rossetti, Alberto"]
[Black "Sala, Giovanni"]
[Result "0-1"]
[WhiteElo "1689"]
[BlackElo "1970"]
[PlyCount "90"]
[EventDate "2008.08.23"]

1. e4 c5 2. Nf3 d6 3. d4 cxd4 4. Nxd4 Nf6 5. Nc3 a6 6. f3 Qb6 7. Nb3 e6 8. Qe2
Qc7 9. Be3 b5 10. Qd2 Nbd7 11. O-O-O b4 12. Ne2 Rb8 13. g4 Ne5 14. Ned4 Bb7 15.
g5 Nfd7 16. h4 Be7 17. h5 Nc5 18. Rg1 g6 19. hxg6 hxg6 20. Be2 d5 21. Nxc5 Bxc5
22. Nb3 Bxe3 23. Qxe3 Rc8 24. Rd2 Nc4 25. Bxc4 dxc4 26. Nd4 c3 27. Rd3 cxb2+
28. Kxb2 e5 29. Nb3 Qxc2+ 30. Ka1 Rh2 31. Rd2 Rxd2 32. Qxd2 Qxd2 33. Nxd2 Rc3
34. Kb2 Bc6 35. Rc1 Rxc1 36. Kxc1 Ke7 37. Kb2 Ba4 38. Nc4 Ke6 39. Kc1 Bb5 40.
Nd2 Kd6 41. Kd1 Kc5 42. Nb3+ Kb6 43. Kd2 Bc4 44. Ke3 a5 45. f4 a4 0-1

[Event "XXVIII Festival Conca della Presolana 1N"]
[Site "Bratto - Castione della Presolana ITA"]
[Date "2008.08.26"]
[Round "4"]
[White "Roversi, Stefano"]
[Black "Barrera, Pietro"]
[Result "0-1"]
[WhiteElo "1840"]
[BlackElo "1881"]
[PlyCount "56"]
[EventDate "2008.08.23"]

1. e4 c5 2. Nf3 Nc6 3. d4 cxd4 4. Nxd4 g6 5. Be3 Bg7 6. Nc3 Nf6 7. Bc4 O-O 8.
O-O d6 9. f3 Qb6 10. Bb3 Ng4 11. Nd5 Nxe3 12. Nxb6 Nxd1 13. Nxc6 bxc6 14. Nxa8
Bd4+ 15. Kh1 Nf2+ 16. Rxf2 Bxf2 17. Bc4 a5 18. Nc7 Bb6 19. Na6 Bb7 20. b4 Ra8
21. bxa5 Bxa5 22. Nb4 Bxb4 23. Rb1 d5 24. exd5 cxd5 25. Rxb4 dxc4 26. Rxb7 Rxa2
27. Kg1 e6 28. c3 Rc2 0-1

[Event "XXVIII Festival Conca della Presolana 1N"]
[Site "Bratto - Castione della Presolana ITA"]
[Date "2008.08.26"]
[Round "4"]
[White "Rozzoni, Davide"]
[Black "Bettini, Massimo"]
[Result "0-1"]
[WhiteElo "1861"]
[BlackElo "1814"]
[PlyCount "54"]
[EventDate "2008.08.23"]

1. b4 c6 2. e3 Qb6 3. a3 Nf6 4. c4 c5 5. b5 d5 6. a4 Bf5 7. Bb2 d4 8. exd4 cxd4
9. d3 e5 10. f3 Nbd7 11. g4 Bg6 12. h4 Bb4+ 13. Kf2 h6 14. Nd2 Bc3 15. Rb1 Bxd2
16. Qxd2 Nc5 17. a5 Qd6 18. Re1 O-O-O 19. Nh3 e4 20. dxe4 Ncxe4+ 21. fxe4 Nxe4+
22. Rxe4 Bxe4 23. Rg1 f5 24. Ke1 Bf3 25. Kf2 fxg4 26. Qf4 Qd7 27. Bd3 Rhf8 0-1

[Event "XXVIII Festival Conca della Presolana 1N"]
[Site "Bratto - Castione della Presolana ITA"]
[Date "2008.08.26"]
[Round "4"]
[White "Saccani, Ettore"]
[Black "Napoli, Ferdinando"]
[Result "1-0"]
[WhiteElo "1873"]
[BlackElo "1829"]
[PlyCount "31"]
[EventDate "2008.08.23"]

1. e4 c5 2. Nf3 d6 3. c3 Nf6 4. Bd3 Nc6 5. Bc2 g6 6. d4 cxd4 7. cxd4 e5 8. dxe5
Nxe5 9. Nxe5 Qa5+ 10. Nc3 dxe5 11. O-O Bg7 12. Qd6 Be6 13. Rd1 Rd8 14. Ba4+ Bd7
15. Nb5 Bxb5 16. Bxb5+ 1-0

[Event "XXVIII Festival Conca della Presolana 1N"]
[Site "Bratto - Castione della Presolana ITA"]
[Date "2008.08.26"]
[Round "4"]
[White "Sala, Marcello"]
[Black "Cavaliere, Simone"]
[Result "0-1"]
[WhiteElo "1831"]
[BlackElo "1876"]
[PlyCount "76"]
[EventDate "2008.08.23"]

1. e4 c5 2. c3 d5 3. exd5 Qxd5 4. d4 Nf6 5. Nf3 e6 6. Be2 Be7 7. O-O O-O 8. Be3
cxd4 9. Nxd4 e5 10. Nb5 Qc6 11. Nxa7 Qe6 12. Nb5 Na6 13. Qc2 Nd5 14. Qe4 Nxe3
15. fxe3 Nc5 16. Qc4 Qh6 17. Bf3 Qxe3+ 18. Kh1 Nd3 19. Nc7 Nf2+ 20. Rxf2 Qxf2
21. Nd2 Rb8 22. Ne4 Qxb2 23. Rf1 Bf5 24. Nc5 b5 25. Qd5 Qxc3 26. N7e6 Bxe6 27.
Nxe6 Qc4 28. Qxc4 bxc4 29. Nxf8 Rxf8 30. Bd5 c3 31. Rc1 Bb4 32. Kg1 Rd8 33. Bb3
Rd2 34. Rc2 Rd7 35. Kf2 Kf8 36. Ke3 f5 37. Rf2 g6 38. g4 Bc5+ 0-1

[Event "XXVIII Festival Conca della Presolana 1N"]
[Site "Bratto - Castione della Presolana ITA"]
[Date "2008.08.26"]
[Round "4"]
[White "Sanzani, Pierluigi"]
[Black "Litrico, Paolo"]
[Result "0-1"]
[WhiteElo "1853"]
[BlackElo "1921"]
[PlyCount "41"]
[EventDate "2008.08.23"]

1. e4 c6 2. d4 d5 3. e5 Bf5 4. Nc3 e6 5. g4 Bg6 6. Nge2 h6 7. h4 Bb4 8. Be3 Nd7
9. a3 Be7 10. Nf4 Bh7 11. Ng2 Qb6 12. b4 a5 13. Na4 Qc7 14. c3 b6 15. f4 c5 16.
bxc5 bxc5 17. dxc5 Nxc5 18. Nxc5 Bxc5 19. Bb5+ Kf8 20. Bxc5+ Qxc5 21. Qd4 0-1

[Event "XXVIII Festival Conca della Presolana 1N"]
[Site "Bratto - Castione della Presolana ITA"]
[Date "2008.08.26"]
[Round "4"]
[White "Saracco, Marco"]
[Black "Biava, Pierluigi"]
[Result "1/2-1/2"]
[WhiteElo "1939"]
[BlackElo "1872"]
[PlyCount "51"]
[EventDate "2008.08.23"]

1. d4 Nf6 2. c4 e6 3. Nc3 Bb4 4. Qc2 d5 5. e3 O-O 6. a3 Be7 7. Nf3 Nbd7 8. Bd3
dxc4 9. Bxc4 a6 10. O-O b5 11. Bd3 Bb7 12. Ne5 c5 13. Nxd7 Qxd7 14. dxc5 Bxc5
15. Ne4 Nxe4 16. Bxe4 Bxe4 17. Qxe4 Rfd8 18. b4 Bf8 19. Bb2 Qd2 20. Bd4 Rac8
21. g3 Qc2 22. Qg4 Rc4 23. f4 Qe4 24. Qf3 Qxf3 25. Rxf3 Rdc8 26. Rf2 1/2-1/2

[Event "XXVIII Festival Conca della Presolana 1N"]
[Site "Bratto - Castione della Presolana ITA"]
[Date "2008.08.26"]
[Round "4"]
[White "Stella, Luca"]
[Black "Viglino, Antonio"]
[Result "1/2-1/2"]
[WhiteElo "1894"]
[BlackElo "1862"]
[PlyCount "48"]
[EventDate "2008.08.23"]

1. e4 e6 2. d3 d5 3. Nd2 c5 4. Ngf3 Nc6 5. g3 Bd6 6. Bg2 Nge7 7. O-O O-O 8. Re1
Qc7 9. c3 d4 10. Ng5 f6 11. Nh3 e5 12. Nc4 Be6 13. Nxd6 Qxd6 14. f4 dxc3 15.
bxc3 Rad8 16. Nf2 b5 17. f5 Bf7 18. Qc2 b4 19. Be3 bxc3 20. Qxc3 Nd4 21. Bxd4
cxd4 22. Qd2 Rc8 23. Rec1 h6 24. Bf3 Rc6 1/2-1/2

[Event "XXVIII Festival Conca della Presolana 1N"]
[Site "Bratto - Castione della Presolana ITA"]
[Date "2008.08.26"]
[Round "4"]
[White "Villa, Claudio"]
[Black "Dritsakos, Alessio"]
[Result "0-1"]
[WhiteElo "1863"]
[BlackElo "1848"]
[PlyCount "50"]
[EventDate "2008.08.23"]

1. b3 d5 2. Bb2 Bg4 3. g3 e6 4. Bg2 Nf6 5. Nf3 Bc5 6. d3 c6 7. O-O Nbd7 8. h3
Bh5 9. Qd2 Qc7 10. e3 Bxf3 11. Bxf3 O-O-O 12. Nc3 g5 13. Ne2 Rhg8 14. g4 h5 15.
Kg2 Bd6 16. Rh1 Ne5 17. Bxe5 Bxe5 18. Rag1 h4 19. a4 Bd6 20. b4 e5 21. Nc1 e4
22. Be2 d4 23. Na2 Nd5 24. Rb1 dxe3 25. fxe3 Bxb4 0-1

[Event "XXVIII Festival Conca della Presolana 1N"]
[Site "Bratto - Castione della Presolana ITA"]
[Date "2008.08.26"]
[Round "4"]
[White "Villalba, Fernando"]
[Black "Quagliarella, Sabino Remo"]
[Result "0-1"]
[WhiteElo "1847"]
[BlackElo "1925"]
[PlyCount "112"]
[EventDate "2008.08.23"]

1. d4 Nf6 2. Nf3 g6 3. Bf4 Bg7 4. h3 d6 5. e3 c6 6. c3 Nbd7 7. Be2 O-O 8. O-O
Nd5 9. Bh2 e5 10. c4 Nc7 11. Nc3 Qe7 12. dxe5 Nxe5 13. Nxe5 dxe5 14. Bg4 Rd8
15. Qc2 Bxg4 16. hxg4 Rd7 17. Qe2 Rad8 18. Rfd1 Ne6 19. Rxd7 Rxd7 20. Rd1 Nc5
21. f3 Qd8 22. Rxd7 Qxd7 23. e4 Qd4+ 24. Kh1 Nd3 25. Bg1 Qxc4 26. Bxa7 Bh6 27.
Bg1 Bc1 28. Nd1 Nxb2 29. Qxc4 Nxc4 30. Bc5 Ba3 31. Ba7 b5 32. Kg1 f6 33. Kf1
Kf7 34. Ke2 Ke6 35. Kd3 Kd7 36. Bf2 Kd6 37. Bh4 g5 38. Bf2 Nb2+ 39. Nxb2 Bxb2
40. Bb6 Ba3 41. Bd8 Ke6 42. Kc3 Be7 43. Ba5 Kd6 44. Kb3 c5 45. Be1 Kc6 46. Kc3
c4 47. Bd2 Bc5 48. Kc2 b4 49. Be1 Kb5 50. Bd2 Bf2 51. Bc1 Ka4 52. Bd2 Bc5 53.
Bc1 b3+ 54. axb3+ cxb3+ 55. Kb1 Kb4 56. Bd2+ Kc4 0-1

[Event "XXVIII Festival Conca della Presolana 1N"]
[Site "Bratto - Castione della Presolana ITA"]
[Date "2008.08.27"]
[Round "5"]
[White "Acunzo, Domenico"]
[Black "Cocuzzi, Edoardo"]
[Result "1-0"]
[WhiteElo "1787"]
[BlackElo "1892"]
[PlyCount "63"]
[EventDate "2008.08.23"]

1. e4 e5 2. f4 exf4 3. Nf3 Bc5 4. d4 Bb6 5. Bxf4 d6 6. Nbd2 h6 7. Nc4 Nf6 8.
Nxb6 axb6 9. Bd3 O-O 10. O-O Nc6 11. a3 Bg4 12. c3 Re8 13. Qc2 Nh5 14. Bd2 Qc8
15. Rae1 Re7 16. Nh4 Qe8 17. Nf5 Bxf5 18. Rxf5 g6 19. Rf3 g5 20. Ref1 Nd8 21.
Rh3 f5 22. Rxf5 Ng7 23. Rf6 Nf7 24. Qb3 Ne6 25. Bc4 Ned8 26. Rfxh6 Kg7 27. Rh7+
Kf8 28. Rh8+ Nxh8 29. Rxh8+ Kg7 30. Rxe8 Rxe8 31. Bxg5 Rxe4 32. Qc2 1-0